[Event "Bratislava U16 op 43rd"]
[Site "Bratislava"]
[Date "2016.08.19"]
[Round "2"]
[White "Strelbitska, Alexandra"]
[Black "Seleng, Simon"]
[Result "1-0"]
[WhiteElo "1435"]
[BlackElo "1483"]
[PlyCount "73"]
[EventDate "2016.08.19"]
[EventType "swiss"]
[EventRounds "7"]
[EventCountry "SVK"]
[SourceTitle "CBM 174 Extra"]
[Source "ChessBase"]
[SourceDate "2016.10.10"]
[SourceVersion "1"]
[SourceVersionDate "2016.10.10"]
[SourceQuality "1"]

1. d4 f5 2. c4 e6 3. Nc3 Nf6 4. Bg5 Be7 5. Bxf6 Bxf6 6. e3 0-0 7. Nf3 d5 8. c5 c6 9. Bd3 Bd7 10. 0-0 Be8 11. Qc2 Nd7 12. b4 Bh5 13. Nd2 Qc7 14. Ne2 Bxe2 15. Bxe2 f4 16. Bd3 g6 17. b5 e5 18. bxc6 bxc6 19. dxe5 Bxe5 20. exf4 Bxa1 21. Rxa1 Qxf4 22. Rf1 Ne5 23. g3 Qd4 24. Ba6 Rab8 25. Nb3 Qe4 26. Qxe4 dxe4 27. Nd4 Nf3+ 28. Nxf3 exf3 29. h4 Rf5 30. Rc1 Rb2 31. Rc3 Rxa2 32. Bc4+ Kg7 33. Bxa2 h6 34. Bb1 Re5 35. Bd3 g5 36. hxg5 Rxg5 37. Be4 1-0

[Event "Liptovsky Mikulas V4 U15 op"]
[Site "Liptovsky Mikulas"]
[Date "2016.06.26"]
[Round "9"]
[White "Szymanska, Joanna"]
[Black "Seleng, Simon"]
[Result "1-0"]
[WhiteElo "1400"]
[BlackElo "1442"]
[PlyCount "59"]
[EventDate "2016.06.22"]
[EventType "swiss"]
[EventRounds "9"]
[EventCountry "SVK"]
[SourceTitle "CBM 173 Extra"]
[Source "ChessBase"]
[SourceDate "2016.08.29"]
[SourceVersion "1"]
[SourceVersionDate "2016.08.29"]
[SourceQuality "1"]

1. e4 e5 2. Nc3 Nf6 3. f4 Nc6 4. Nf3 d6 5. d4 exd4 6. Nxd4 Bg4 7. Nxc6 bxc6 8. Be2 Bxe2 9. Qxe2 Be7 10. Qc4 Qd7 11. Be3 0-0 12. 0-0-0 Rfd8 13. h3 Qe8 14. g4 c5 15. g5 Nd7 16. h4 Nb6 17. Qd3 Rdb8 18. h5 a5 19. h6 g6 20. Kd2 Na4 21. Nxa4 Qxa4 22. a3 Bf8 23. f5 Qd7 24. fxg6 fxg6 25. Rhf1 Re8 26. Rf2 Re7 27. Qd5+ Qe6 28. Qxa8 Re8 29. Qb7 Re7 30. Rdf1 1-0

[Event "Liptovsky Mikulas V4 U15 op"]
[Site "Liptovsky Mikulas"]
[Date "2016.06.23"]
[Round "4"]
[White "Oplustil, David"]
[Black "Seleng, Simon"]
[Result "1/2-1/2"]
[WhiteElo "1624"]
[BlackElo "1442"]
[PlyCount "50"]
[EventDate "2016.06.22"]
[EventType "swiss"]
[EventRounds "9"]
[EventCountry "SVK"]
[SourceTitle "CBM 173 Extra"]
[Source "ChessBase"]
[SourceDate "2016.08.29"]
[SourceVersion "1"]
[SourceVersionDate "2016.08.29"]
[SourceQuality "1"]

1. e4 e5 2. Nf3 Nc6 3. d4 exd4 4. Bc4 Bc5 5. c3 Nge7 6. cxd4 Bb4+ 7. Nc3 d6 8. Ng5 0-0 9. Qh5 h6 10. Nxf7 Rxf7 11. Bxf7+ Kh7 12. g4 Qf8 13. Bc4 Nxd4 14. Bd3 Nf3+ 15. Kf1 Ne5 16. Be2 Bc5 17. Qh4 Bxg4 18. Bxg4 Nxg4 19. Nd1 Ne5 20. Bd2 Nf3 21. Qf4 Nxd2+ 22. Qxd2 Ng6 23. Rg1 Ne5 24. Rg3 Qf6 25. Rc1 Rf8 1/2-1/2

[Event "Liptovsky Mikulas V4 U15 op"]
[Site "Liptovsky Mikulas"]
[Date "2016.06.23"]
[Round "5"]
[White "Seleng, Simon"]
[Black "Franko, Ondrej"]
[Result "1-0"]
[WhiteElo "1442"]
[BlackElo "1706"]
[PlyCount "53"]
[EventDate "2016.06.22"]
[EventType "swiss"]
[EventRounds "9"]
[EventCountry "SVK"]
[SourceTitle "CBM 173 Extra"]
[Source "ChessBase"]
[SourceDate "2016.08.29"]
[SourceVersion "1"]
[SourceVersionDate "2016.08.29"]
[SourceQuality "1"]

1. e4 c6 2. d4 d5 3. Nc3 dxe4 4. Nxe4 Bf5 5. Ng3 Bg6 6. Nf3 Nd7 7. Bc4 e6 8. 0-0 Ngf6 9. Re1 Be7 10. Bg5 Qc7 11. Qd2 0-0-0 12. c3 h6 13. Bf4 Bd6 14. Bxd6 Qxd6 15. Qe2 Qc7 16. Rad1 Nb6 17. Bb3 Nbd5 18. Bxd5 Nxd5 19. Ne5 Bh7 20. Qf3 Rde8 21. Qxf7 Re7 22. Qf3 Qb6 23. b4 Qa6 24. Ra1 Qa3 25. Rec1 Qb2 26. Nc4 Be4 27. Nxe4 1-0

[Event "SVK-ch U10"]
[Site "Stara Lubovna"]
[Date "2014.04.10"]
[Round "7"]
[White "Verbytskiy, Patrik"]
[Black "Seleng, Simon"]
[Result "1-0"]
[WhiteElo "1306"]
[BlackElo "1336"]
[PlyCount "120"]
[EventDate "2014.04.05"]
[EventType "swiss"]
[EventRounds "9"]
[EventCountry "SVK"]
[SourceTitle "EXT 2016"]
[Source "ChessBase"]
[SourceDate "2015.10.08"]
[SourceVersion "1"]
[SourceVersionDate "2015.10.08"]
[SourceQuality "1"]

1. e4 e5 2. Nf3 Nc6 3. Bc4 Bc5 4. c3 Nf6 5. d4 exd4 6. cxd4 Bb4+ 7. Bd2 Bxd2+ 8. Nbxd2 0-0 9. e5 Ne8 10. d5 Ne7 11. 0-0 d6 12. e6 fxe6 13. dxe6 d5 14. Bd3 Bxe6 15. Ng5 Bf5 16. Ndf3 Bxd3 17. Qxd3 Rf5 18. g4 Rxg5 19. Nxg5 g6 20. Qe3 Ng7 21. Rae1 Nc6 22. Ne6 Qd7 23. Nxg7 Kxg7 24. f3 d4 25. Qe6 Qxe6 26. Rxe6 Rd8 27. a3 Rd7 28. Kf2 Kf7 29. Re2 Rd8 30. Rd1 Rd7 31. b4 b5 32. Re4 Rd6 33. a4 a6 34. axb5 axb5 35. Kg3 Kf6 36. h4 h6 37. f4 Rd5 38. g5+ hxg5 39. fxg5+ Kg7 40. Rf4 Ne7 41. Kg4 Nc6 42. Rdf1 Rd7 43. Rd1 d3 44. Kf3 Ne5+ 45. Ke4 Re7 46. Kd5 Kh7 47. Re4 Nc6 48. Rxe7+ Nxe7+ 49. Kc5 c6 50. Rxd3 Kg7 51. Rd7 Kf7 52. Rxe7+ Kxe7 53. Kxc6 Ke6 54. Kxb5 Kf5 55. Kc6 Kg4 56. b5 Kxh4 57. b6 Kxg5 58. b7 Kh4 59. b8Q g5 60. Qh8+ Kg4 1-0

[Event "SVK-ch U10"]
[Site "Stara Lubovna"]
[Date "2014.04.06"]
[Round "2"]
[White "Seleng, Simon"]
[Black "Slivka, David"]
[Result "1/2-1/2"]
[WhiteElo "1336"]
[BlackElo "1224"]
[PlyCount "48"]
[EventDate "2014.04.05"]
[EventType "swiss"]
[EventRounds "9"]
[EventCountry "SVK"]
[SourceTitle "EXT 2016"]
[Source "ChessBase"]
[SourceDate "2015.10.08"]
[SourceVersion "1"]
[SourceVersionDate "2015.10.08"]
[SourceQuality "1"]

1. e4 e5 2. Nf3 Nc6 3. Bc4 Nf6 4. d3 Bc5 5. Nc3 d6 6. Bg5 h6 7. Bh4 g5 8. Bg3 Bg4 9. h3 Bh5 10. h4 Na5 11. Bb3 Nxb3 12. axb3 Qd7 13. Nd5 Nxd5 14. exd5 0-0-0 15. Qe2 Qf5 16. 0-0-0 Rde8 17. Qe4 Qxe4 18. dxe4 Bxf3 19. gxf3 f6 20. Rh2 Rh7 21. Rdh1 Reh8 22. c3 a5 23. Kc2 b5 24. Ra1 Bb6 1/2-1/2

[Event "SVK-ch U10"]
[Site "Stara Lubovna"]
[Date "2014.04.05"]
[Round "1"]
[White "Mezes, Kristof"]
[Black "Seleng, Simon"]
[Result "0-1"]
[WhiteElo "1093"]
[BlackElo "1336"]
[PlyCount "104"]
[EventDate "2014.04.05"]
[EventType "swiss"]
[EventRounds "9"]
[EventCountry "SVK"]
[SourceTitle "EXT 2016"]
[Source "ChessBase"]
[SourceDate "2015.10.08"]
[SourceVersion "1"]
[SourceVersionDate "2015.10.08"]
[SourceQuality "1"]

1. d4 f5 2. c4 e6 3. Nc3 Nf6 4. Bg5 Be7 5. Bxf6 Bxf6 6. Nf3 d5 7. e3 c6 8. Ne5 Nd7 9. Nxd7 Bxd7 10. Bd3 0-0 11. 0-0 Be8 12. Qf3 g5 13. g3 g4 14. Qg2 h5 15. h4 gxh3 16. Qxh3 Qe7 17. Be2 Qh7 18. Na4 b6 19. b4 c5 20. bxc5 Bxa4 21. cxb6 axb6 22. Rab1 Rab8 23. Rb4 Bc6 24. Rfb1 Bd8 25. a4 Rf7 26. a5 Rfb7 27. a6 Ra7 28. c5 b5 29. Ra1 h4 30. Kg2 hxg3 31. Qxh7+ Kxh7 32. fxg3 Bg5 33. Ra3 Kg6 34. Kf3 Kf6 35. Kf2 e5 36. Bf3 exd4 37. exd4 Bd2 38. Rb2 b4 39. Ra5 Bc3 40. Rb3 Bxd4+ 41. Kg2 Bc3 42. Kf2 Rb5 43. Rxb5 Bxb5 44. Bxd5 Rxa6 45. Kg2 Bc6 46. Bxc6 Rxc6 47. Kf2 Rxc5 48. Kg2 Ra5 49. Kf3 Ra3 50. Rxb4 Bxb4+ 51. Kf2 Bd6 52. Kg2 Rxg3+ 0-1

[Event "SVK-ch U10"]
[Site "Lubovna"]
[Date "2013.04.13"]
[Round "9"]
[White "Viczencz, Peter"]
[Black "Seleng, Simon"]
[Result "1-0"]
[WhiteElo "1483"]
[BlackElo "1219"]
[PlyCount "73"]
[EventDate "2013.04.06"]
[EventType "swiss"]
[EventRounds "9"]
[EventCountry "SVK"]
[SourceTitle "CBM 153 Extra"]
[Source "ChessBase"]
[SourceDate "2013.04.22"]
[SourceVersion "1"]
[SourceVersionDate "2013.04.22"]
[SourceQuality "1"]

1. e4 e5 2. Nf3 Nc6 3. Bb5 Nf6 4. 0-0 d6 5. d4 Bd7 6. Bxc6 Bxc6 7. dxe5 dxe5 8. Nxe5 Bxe4 9. Qe2 Bd6 10. Nc3 Bxe5 11. Nxe4 0-0 12. Bg5 h6 13. Bh4 Qe7 14. Nxf6+ gxf6 15. Rfe1 Rfe8 16. Qg4+ Kh7 17. f4 Bd4+ 18. Kf1 Qc5 19. c3 Qc4+ 20. Re2 Qxe2+ 21. Qxe2 Rxe2 22. Kxe2 Re8+ 23. Kd3 Bb6 24. Bxf6 Re3+ 25. Kd2 Re6 26. Bh4 Be3+ 27. Kd3 Bxf4 28. g3 Bg5 29. Bxg5 hxg5 30. Rf1 f6 31. Rf2 Kg7 32. Re2 Rxe2 33. Kxe2 Kf7 34. h4 gxh4 35. gxh4 f5 36. Kf3 Kg6 37. Kf4 1-0

[Event "SVK-ch U10"]
[Site "Lubovna"]
[Date "2013.04.11"]
[Round "7"]
[White "Steiniger, Florian"]
[Black "Seleng, Simon"]
[Result "1-0"]
[WhiteElo "1000"]
[BlackElo "1219"]
[PlyCount "57"]
[EventDate "2013.04.06"]
[EventType "swiss"]
[EventRounds "9"]
[EventCountry "SVK"]
[SourceTitle "CBM 153 Extra"]
[Source "ChessBase"]
[SourceDate "2013.04.22"]
[SourceVersion "1"]
[SourceVersionDate "2013.04.22"]
[SourceQuality "1"]

1. e4 e6 2. d4 d5 3. Nd2 c5 4. Ngf3 Nc6 5. c3 cxd4 6. cxd4 dxe4 7. Nxe4 Bb4+ 8. Bd2 Bxd2+ 9. Qxd2 Nge7 10. Bc4 Bd7 11. Nd6+ Kf8 12. Nxb7 Qb6 13. Nc5 Qc7 14. 0-0 Rd8 15. Nxd7+ Qxd7 16. Rfd1 h6 17. Rac1 Nf5 18. Bb5 Rc8 19. Bxc6 Rxc6 20. Ne5 Qd5 21. Rxc6 g6 22. Rc8+ Kg7 23. Rxh8 Kxh8 24. Nxf7+ Kg7 25. Ne5 Qxa2 26. d5 exd5 27. Qxd5 Qxb2 28. Qf7+ Kh8 29. Rd8# 1-0

[Event "SVK-ch U08"]
[Site "Lubovnianske Kupele"]
[Date "2012.03.22"]
[Round "5"]
[White "Slivka, David"]
[Black "Seleng, Simon"]
[Result "0-1"]
[WhiteElo "1000"]
[BlackElo "1000"]
[PlyCount "48"]
[EventDate "2012.03.17"]
[EventType "swiss"]
[EventRounds "7"]
[EventCountry "SVK"]
[SourceTitle "CBM 147 Extra"]
[Source "ChessBase"]
[SourceDate "2012.04.24"]
[SourceVersion "1"]
[SourceVersionDate "2012.04.24"]
[SourceQuality "1"]

1. e4 e5 2. Bc4 Nf6 3. d3 Bc5 4. Nc3 d6 5. Bg5 0-0 6. Nd5 Be6 7. Nxf6+ gxf6 8. Bh6 Re8 9. Qe2 f5 10. 0-0-0 Qf6 11. Bd2 Nc6 12. Nf3 Nd4 13. c3 Nxe2+ 14. Kb1 Bxc4 15. dxc4 fxe4 16. Ne1 Bxf2 17. Rf1 Qg6 18. g3 e3+ 19. Ka1 exd2 20. Rxf2 dxe1Q 21. Rxe1 Nf4 22. a3 Nd3 23. Rfe2 Nxe1 24. Rxe1 Qc2 0-1